Países mais próximos ao Burundi - Statistics

Estatísticas Gerais
  • Esse quiz foi jogado 64 vezes
  • A pontuação média é 18 de 20
Estatísticas das Respostas
km país % Correto
1279 Congo
100%
419 Quênia
98%
95 Uganda
98%
0 Ruanda
96%
0 Tanzânia
96%
1246 Zimbábue
96%
977 Etiópia
95%
428 Zâmbia
95%
977 Moçambique
93%
1342 Sudão
93%
1560 Botswana
89%
652 Malawi
89%
864 República Centro-Africana
89%
1155 Somália
89%
655 Sudão do Sul
89%
922 Angola
82%
1621 Chade
78%
1547 Namíbia
76%
0 Rep Dem Congo
62%
1515 Camarões
58%
Nenhum quiz correspondente encontrado
Distribuição das Pontuações
Porcentagem de Pessoas com Cada Pontuação
Percentil de Números Respondidos
Sua Pontuação Histórica
Você não jogou esse quiz